Strasbourg Airport Destinations (Strasbourg, France) - Statistics

General Stats
  • This quiz has been taken 77 times
    28 since last reset
  • The average score is 31 of 48
Answer Stats
Airline Destination % Correct
Iberia Madrid
91%
easyJet/Volotea Nice
91%
easyJet London (Gatwick)
86%
Twin Jet/Volotea Marseille
86%
easyJet/Iberia/Volotea Barcelona
82%
Royal Air Maroc Casablanca
82%
Volotea Marrakesh
82%
Volotea Bordeaux
77%
Nouvelair Djerba
77%
Transavia/Turkish Airlines Istanbul
77%
Volotea Nantes
77%
easyJet Naples
77%
Nouvelair/Tunisair Tunis
77%
LOT Polish Airlines Warsaw (Chopin)
77%
Volotea Ajaccio
73%
Volotea Athens
73%
Volotea Málaga
73%
easyJet/Volotea Palma de Mallorca
73%
Volotea Rome (Fiumicino)
73%
Ryanair Agadir
68%
Amelia International Amsterdam
68%
Volotea Bastia
68%
Volotea Berlin
68%
Air Arabia Fès
68%
Lufthansa Frankfurt
68%
Tassili Airlines Algiers
64%
TAROM Bucharest (Otopeni)
64%
Air France/Twin Jet/Volotea Lyon
64%
Volotea Montpellier
64%
Volotea Palermo
64%
Ryanair Porto
64%
Volotea Toulouse
64%
Volotea Calvi
59%
Volotea Figari
59%
Air Arabia Nador
59%
Tassili Airlines Oran
59%
Volotea Brest
55%
Volotea Biarritz
50%
Tassili Airlines Constantine
50%
ASL Airlines France Oujda
50%
Volotea Corfu
45%
Volotea Gran Canaria
45%
Volotea Lanzarote
45%
Volotea Olbia
45%
Volotea Heraklion
41%
Volotea Faro
36%
Volotea Split
36%
FLYYO Tel Aviv
27%
No matching quizzes found
Score Distribution
Percent of People with Each Score
Percentile by Number Answered
Your Score History
You have not taken this quiz since the last reset